000 00751nam a22002175i 4500
001 170310
003 ES-MaACL
005 20250522063050.0
008 090223s1992 sp |||| | spa d
020 _a84-7522-494-6
080 _a811.134.2'35
100 1 _aCarnicer, Ramón,
_d1912-2007
_935377
245 1 0 _aSobre ortografía española /
_cRamón Carnicer.
260 _aMadrid :
_bVisor,
_c1992.
300 _a57 p. ;
_c21 cm.
490 1 _aBiblioteca gráfica de la lengua española ;
_v4
650 1 4 _aLengua española-
_xOrtografía.
_914177
830 0 _aBiblioteca gráfica de la lengua española ;
_v4
_9186951
852 _aES-MaACL
_j2249-F-6
_9R.140890
_z.- Biblioteca Jacinto Martínez Lacalle
999 _c170310
_d170310